000 00897nam a22002897a 4500
001 BR2017002638
003 BR-BrBNA
005 20230928105149.0
007 ta
008 230509b bl.||||| |||| 00| 0 por d
040 _aBR-BrBNA
_bpor
_cBiblioteca Nacional de Agricultura
041 _a(Por)
072 _aH20; F30
_b0120
090 _ 0120 BR2017002638
100 1 _aCamargos, R.B.
110 1 _aUniversidade Federal de Lavras, MG (Brasil)
_0Tese (Doutorado)
245 1 _aEficiência da seleção per se, em híbridos simples e indireta para resistência a doenças no milho
260 3 _aLavras, MG (Brasil):
_c2017.
300 _a103 p.
500 _aSummaries (Eng, Por); Several bibliography; 8 illus.; 8 tables
650 _aMILHO
650 _aSELEÇÃO
650 _aHÍBRIDO
650 _aVARIEDADE RESISTENTE
909 _a202309
_bLucia
_c55
_dLucia Elande
942 _cBK
999 _c83778
_d83778